Voïvodies de Pologne sur une carte - Statistiques

Statistiques générales
  • Ce quiz a été pris 2 133 fois
  • Le résultat moyen est 8 sur 16
Réponses sur la Carte
Les réponses sont colorées sur une échelle allant du rouge au vert en fonction du pourcentage des utilisateurs qui les ont devinées à leur premier essai. Vous pouvez retrouver ces pourcentages ci-dessous.
 
Statistiques - réponses
Réponse % Correct
Silésie
81%
Poméranie
79%
Petite-Pologne
69%
Grande-Pologne
67%
Basse-Silésie
62%
Poméranie-Occidentale
58%
Lublin
56%
Mazovie
56%
Łódź
55%
Opole
49%
Sainte-Croix
44%
Basses-Carpates
38%
Podlachie
36%
Lubusz
35%
Couïavie-Poméranie
27%
Varmie-Mazurie
27%
Aucun quiz correspondant
Distribution des résultats
% des personnes avec chaque résultat
Percentile par nombre de réponses
Votre historique - résultats
Vous n’avez pas pris ce quiz